| 000 | 005590000a22002050004500 | ||
|---|---|---|---|
| 003 | LK-CoMWRAF | ||
| 005 | 20231002150324.0 | ||
| 008 | 230817t ||||| |||| 00| 0 eng d | ||
| 020 | _a9782462330 | ||
| 040 |
_aLK-CoMWRAF _dLK-CoMWRAF _eLK-CoMWRAF |
||
| 041 | _aeng | ||
| 082 |
_a297.4 _bLEM |
||
| 100 | _aLemu, B. Aisha | ||
| 245 | _aAnimals in Islam | ||
| 260 |
_aNigeria : _bSpectrum books & Islamic education trust, _c1993 |
||
| 300 | _a40p | ||
| 650 | _a Animals -- Religious aspects -- Islam | ||
| 650 | _aAnimals Attitudes of Islam | ||
| 942 | _cBK | ||
| 999 |
_c1766 _d1766 |
||